Tài liệu chuyên toán : Bài tập đại số và giải tích 11

Quyển sách Tài liệu chuyên toán bài tập đại số và giải tích 11 được thiết kế theo 2 phần: phần đề bài là những bài tập được sắp xếp theo từng chương, phần hướng dẫn, lời giải, đáp số giúp các em học sinh tự luyện tập, nâng cao kh...

Deskribapen osoa

Gorde:
Xehetasun bibliografikoak
Egile nagusia: Đoàn, Quỳnh
Formatua: Liburua
Hizkuntza:Undetermined
Argitaratua: Hà Nội Giáo dục Việt Nam 2013
Gaiak:
Etiketak: Etiketa erantsi
Etiketarik gabe, Izan zaitez lehena erregistro honi etiketa jartzen!
Thư viện lưu trữ: Trung tâm Học liệu Trường Đại học Cần Thơ
LEADER 01225nam a2200229Ia 4500
001 CTU_184913
008 210402s9999 xx 000 0 und d
020 |c 40500 
082 |a 515.076 
082 |b Qu609 
100 |a Đoàn, Quỳnh 
245 0 |a Tài liệu chuyên toán : 
245 0 |b Bài tập đại số và giải tích 11 
245 0 |c Đoàn Quỳnh ... [et al.] (Chủ biên) 
260 |a Hà Nội 
260 |b Giáo dục Việt Nam 
260 |c 2013 
520 |a Quyển sách Tài liệu chuyên toán bài tập đại số và giải tích 11 được thiết kế theo 2 phần: phần đề bài là những bài tập được sắp xếp theo từng chương, phần hướng dẫn, lời giải, đáp số giúp các em học sinh tự luyện tập, nâng cao khả năng, còn là tài liệu tham khảo giúp giáo viên trong quá trình giảng dạy ở các trường chuyên. 
650 |a Algebras, linear,Đại số 
650 |x Problems, exercises, etc,Câu hỏi bài tập 
904 |i Tuyến 
980 |a Trung tâm Học liệu Trường Đại học Cần Thơ